Capitalismo y desarrollo sostenible /

El autor sostiene dos puntos de vista el primero, la realción entre capitalismo y desarrollo sostenible, constituye una discusión. Es decir que su articulación positiva, no puede darse por sentada tampoco, su articulacion negativa, destructiva. Esta discusión ocupa la mayor parte del análisis. El se...

ver descrição completa

Na minha lista:
Detalhes bibliográficos
Autor principal: Gallardo, Helio
Formato: Texto
Assuntos:
Tags: Adicionar Tag
Sem tags, seja o primeiro a adicionar uma tag!

MARC

LEADER 00000 a a2200000 04500
001 11899
003
040
100 |a Gallardo, Helio  
245 |a Capitalismo y desarrollo sostenible /  |c Helio Gallardo 
520 |a El autor sostiene dos puntos de vista el primero, la realción entre capitalismo y desarrollo sostenible, constituye una discusión. Es decir que su articulación positiva, no puede darse por sentada tampoco, su articulacion negativa, destructiva. Esta discusión ocupa la mayor parte del análisis. El segundo planteamiento es, que visto el capitalismo como expresión de la modernidad, ésta es o insostenible o no universal y no necesaria. De aquí se sigue que el capitalismo es insostenible y demanda una alternativa. Los tópicos tratados son: el capitalismo como disputa, algunas notas sobre el neoliberalismo desarrollo y crecimiento y los usos del concepto sostenibilidad. HB/HMBQ  
650 |a CAPITALISMO  
650 |a DESARROLLO SUSTENTABLE  
650 |a NEOLIBERALISMO  
650 |a DESARROLLO ECONOMICO Y SOCIAL  
773 |g número 61; páginas 13-26  
999 |c 22763  |d 22763